000
00288nam a22001217a 4500
999
_c
13774
_d
13774
020
_a
9780195779899
082
_a
891
100
_a
Afzal Iqbal
245
_a
The Life and Work of Jalaluddin Rumi
260
_a
Pakistan
_b
Oxford University Press
_c
1998
300
_a
360 pages
942
_c
BK